[Event "Florianopolis Winter op 8th"]
[Site "Florianopolis"]
[Date "2024.07.10"]
[Round "3"]
[White "Telles, Arnoldo Beber"]
[Black "Correria, Pedro Bavaresco"]
[Result "0-1"]
[WhiteElo "1539"]
[BlackElo "1867"]
[PlyCount "90"]
[EventDate "2024.07.09"]
[EventType "swiss"]
[EventRounds "9"]
[EventCountry "BRA"]
[SourceTitle "CBM 221 Extra"]
[Source "ChessBase"]
[SourceDate "2024.09.30"]
[SourceVersion "1"]
[SourceVersionDate "2024.09.30"]
[SourceQuality "1"]

1. c4 c6 2. g3 d5 3. cxd5 cxd5 4. Bg2 Nc6 5. a3 e5 6. b4 Be6 7. Bb2 Bd6 8. Nc3 Nf6 9. Nb5 Bb8 10. Nf3 Qb6 11. Nc3 a5 12. b5 Nd4 13. a4 Nxf3+ 14. Bxf3 e4 15. Bg2 h5 16. h4 Ng4 17. e3 Ne5 18. 0-0 0-0 19. Ne2 Nd3 20. Bd4 Qd8 21. Nf4 Bxf4 22. exf4 Bg4 23. f3 Bf5 24. fxe4 dxe4 25. Be3 Bg4 26. Qb3 Re8 27. f5 Be2 28. Bg5 Qd6 29. Bf4 Qd7 30. Rfc1 Nxc1 31. Rxc1 Qxf5 32. Qe3 Bd3 33. Rc5 Qg4 34. Rg5 Qd1+ 35. Kh2 f6 36. Rg6 Kf7 37. Rxf6+ gxf6 38. Qc5 Rac8 39. Qd5+ Kg6 40. Bh3 Qe2+ 41. Bg2 e3 42. dxe3 Be4 43. Qxe4+ Rxe4 44. b6 Rc2 45. g4 Qxg2# 0-1

[Event "Florianopolis op 10th"]
[Site "Florianopolis"]
[Date "2024.01.26"]
[Round "8"]
[White "Souza dos Santos, Matheus Garcett"]
[Black "Correria, Pedro Bavaresco"]
[Result "1-0"]
[WhiteElo "2024"]
[BlackElo "1796"]
[PlyCount "62"]
[EventDate "2024.01.20"]
[EventType "swiss"]
[EventRounds "10"]
[EventCountry "BRA"]
[SourceTitle "EXT 2025"]
[Source "ChessBase"]
[SourceDate "2024.10.14"]
[SourceVersion "1"]
[SourceVersionDate "2024.10.14"]
[SourceQuality "1"]

1. e4 c5 2. Nf3 Nc6 3. d4 cxd4 4. Nxd4 Nf6 5. Nc3 e5 6. Ndb5 d6 7. Bg5 a6 8. Na3 b5 9. Nd5 Be7 10. Bxf6 Bxf6 11. c4 b4 12. Nc2 a5 13. g3 Bb7 14. h4 g6 15. Qd3 Bg7 16. h5 h6 17. Bh3 Nd4 18. Nxd4 exd4 19. hxg6 fxg6 20. Nf4 0-0 21. 0-0-0 Re8 22. Be6+ Kh7 23. e5 Rxe6 24. Nxe6 Qe7 25. Nf4 Qe8 26. Rhe1 dxe5 27. Qb3 Qf7 28. Nd3 Qc7 29. Kb1 Bf3 30. Rd2 e4 31. Nf4 Qd6 1-0

[Event "Florianopolis op 10th"]
[Site "Florianopolis"]
[Date "2024.01.20"]
[Round "1"]
[White "Correria, Pedro Bavaresco"]
[Black "Esteves Neto, Antonio Francisco"]
[Result "1-0"]
[WhiteElo "1796"]
[BlackElo "1800"]
[PlyCount "131"]
[EventDate "2024.01.20"]
[EventType "swiss"]
[EventRounds "10"]
[EventCountry "BRA"]
[SourceTitle "EXT 2025"]
[Source "ChessBase"]
[SourceDate "2024.10.14"]
[SourceVersion "1"]
[SourceVersionDate "2024.10.14"]
[SourceQuality "1"]

1. d4 Nf6 2. c4 g6 3. Nc3 Bg7 4. e4 d6 5. f3 0-0 6. Be3 c6 7. Bd3 Nbd7 8. Nge2 e5 9. Qd2 exd4 10. Nxd4 Ne5 11. Rd1 Be6 12. Nxe6 fxe6 13. Be2 Nf7 14. 0-0 Qc7 15. Kh1 Rac8 16. f4 d5 17. cxd5 exd5 18. e5 Ne8 19. Bc5 b6 20. Bxf8 Bxf8 21. Bg4 Ng7 22. Rde1 Nh6 23. Bd1 a5 24. a3 b5 25. Qc1 Ne6 26. Bb3 Nc5 27. Bc2 d4 28. Ne4 d3 29. Bb1 Nf5 30. Qd2 Nb3 31. Ba2 Qf7 32. Qc3 a4 33. Nd2 c5 34. Nxb3 axb3 35. Bxb3 c4 36. Bd1 Qd5 37. Bf3 Qd4 38. Qd2 Bxa3 39. bxa3 c3 40. Qa2+ Qc4 41. Qxc4+ bxc4 42. e6 d2 43. e7 Nxe7 44. Rxe7 c2 45. Ree1 dxe1Q 46. Rxe1 Rb8 47. Be4 Re8 48. Bd5+ Kg7 49. Rc1 Re3 50. Kg1 Rxa3 51. Rxc2 c3 52. Kf2 Kf6 53. Ke2 Kf5 54. Kd3 Kxf4 55. Rxc3 Ra1 56. Rc4+ Kf5 57. Be4+ Ke5 58. Bf3 g5 59. Rc6 Rg1 60. Ke3 g4 61. Kf2 Rh1 62. Bxg4 Rxh2 63. Kg3 Rh1 64. Bh3 Rb1 65. Rc7 Rb3+ 66. Kh4 1-0